[Event "1st FIDE World Cup prel. group B"]
[Site "Shenyang"]
[Date "2000.09.01"]
[Round "1"]
[White "Gurevich, Mikhail"]
[Black "Ye Jiangchuan"]
[Result "1/2-1/2"]
[WhiteElo "2667"]
[BlackElo "2670"]
[EventDate "2000.09.01"]
[Annotator "Mikhalevski,V"]
[PlyCount "199"]

1.c4 Nf6 2.Nc3 g6 3.g3 d5 4.cxd5 Nxd5 5.Bg2 Nb6 6.d3 Bg7 7.Be3 Nc6 8.Nf3 
O-O 9.Qc1 {An interesting idea.White is not in hurry to castle,but tries 
to exchange dark-squared bishops as soon as possible.This looks more 
flexible than Qd2.} ( 9.O-O {is the main line.} ) 9...e5 ( 9...Re8 10.Bh6 
Bh8 11.h4 e5 12.h5 $36 {0-1 Toikka,J-Holmsten,A/Helsinki 1993/EXT 98 (30)}
) 10.Bh6 Re8 ( 10...Nd4 11.Bxg7 Nxf3+ 12.Bxf3 Kxg7 13.O-O c6 14.b4 Nd5 15.
b5 $14 {1-0 Gheorghiu,F-Martz,W/Lone Pine 1975/MCD (29) Gurevich,M: '1-0 
Gheorghiu, F-Martz,W/Lone Pine 1975/MCD (29)'} ) ( 10...Qe7 11.Bxg7 Kxg7 
12.O-O $14 {1/2-1/2 Gheorghiu,F-Bellon Lopez,J/Zuerich 1984/MCD (42)} ) ( 
10...Bg4 $5 {TN} 11.Bxg7 Kxg7 12.O-O ( 12.h3 Bf5 $5 $13 ) 12...Nd4 $6 {1-0
Gurevich, M-Mikhalevski,V/Antwerp 1999/EXT 2000/[Gurevich,M] (30)} ( 12...
Qd7 13.b4 $5 ) ) 11.Bxg7 ( {It's intereting to try making use of the rook 
on h1 by means of} 11.h4 {[%cal Gh4h5]} 11...Nd4 ( 11...f6 $5 ) ( 11...Bg4
$5 ) 12.h5 $1 Bxh6 13.Qxh6 Nf5 ( 13...Nc2+ $2 14.Kd2 ( 14.Kd1 $5 ) 14...
Nxa1 15.hxg6 $18 {[%csl Rg8]} ) 14.Qd2 $14 ) 11...Kxg7 12.O-O Nd4 13.Re1 {
Necessary prophylaxis.The e2-pawn has to be protected.} ( 13.b4 Bg4 $1 {
[%csl Re2,Rf3]} 14.Nxd4 exd4 15.Qf4 Qd7 $5 ( 15...dxc3 16.Qxg4 {[%csl 
Rb7,Rc3]} ) ( 15...Bxe2 $6 16.Nxe2 Rxe2 17.Bxb7 Rb8 18.Bf3 $14 ) 16.Nb5 
Bxe2 17.Nxc7 Bxf1 18.Rxf1 Rac8 19.Nxe8+ Rxe8 $11 ) 13...a5 $1 {Aimed 
against b4.} 14.Nxd4 exd4 15.Ne4 f6 {Covering Black squares.} 16.Qc2 ( 16.
Nc5 $5 c6 17.e3 {would put more pressure on Black.} ) 16...c6 17.Rab1 Nd5 
{[%cal Gd5b4] Black has been improving the position of his pieces,creating
on the way the threat of Nb4.} 18.a3 {[%csl Gb4] Preventing Nb4 and 
preparing b4.} 18...Re7 {In the search for harmony.} 19.Qc5 Nc7 {Now after
b4 the knight will occupy a brilliant parking place on b5 where he will 
attack the a3-pawn looking at the same time on the weak square on c3.} 20.
b4 $6 {[%csl Ra3,Rc3] I don't like this move.White creates problems to 
himself.} ( 20.e3 $142 dxe3 ( 20...Ne6 21.Qc4 ) 21.fxe3 ) 20...a4 $1 {
[%csl Ra3,Rc3] [%cal Gc7b5] Fixing the weakness on a3.} 21.e3 dxe3 ( 21...
Nb5 $5 22.exd4 $140 Nxd4 23.Nc3 Rd7 $13 ) 22.Rxe3 {I think White should 
prefer 22.fe at least covering the d4-square.} ( 22.fxe3 Nb5 {[%csl Ra3]} 
23.Ra1 Bf5 {and Black has no problems.} ) 22...Re5 23.Qc1 Nb5 $15 {[%csl 
Ra3,Rd4] Now White has to think about equalizing.} 24.Qb2 Qd4 $1 {
Exchanging the main defender Black seizes initiative.The weakness on a3 
will create serious problems for White.} 25.Qxd4 Nxd4 {[%csl Ra3][%cal 
Gd4c2] Now we see the results of b4.} 26.Nd6 $6 ( {I think White should've
covered the c2-square:} 26.Rc1 {[%csl Gc2]} 26...Nb5 27.Ra1 ) 26...Nc2 $1 
{Perhaps Gurevich underestimated this strong resource.Now Black wins a 
pawn and gets good chances to win the game.} ( {But not} 26...Rxe3 $143 
27.fxe3 Nc2 28.Rb2 $1 Nxa3 29.Nxc8 Rxc8 30.Ra2 Nb5 31.Rxa4 $11 {equalizing
} ) 27.Rxe5 fxe5 28.Nc4 $1 {White prefers to give up the d3-pawn saving 
the a-pawn.} ( {Now} 28.Rb2 {doesn't help as after} 28...Nxa3 29.Ra2 Nb5 
30.Nxc8 Rxc8 31.Rxa4 Rd8 32.Be4 Rd4 $17 {[%csl Rb4] with the idea Kf6 
followed up with Nc3 Black wins the b4-pawn.} ) 28...Be6 29.Rb2 Bxc4 30.
Rxc2 Bxd3 31.Rd2 Bf5 $17 {Black is a pawn up,but some technical problems 
still must be solved.} 32.Kf1 Rc8 $5 {Black has been planning to create a 
pass pawn by means of b5 and then c5.} 33.Ke1 b5 {[%cal Gc6c5]} 34.Rd6 $6 
{Putting the rook behind the pawns,but allowing to win nicely.} ( 34.Bf1 
$5 {was probably the last chance.} ) 34...c5 35.bxc5 Rxc5 36.Rb6 ( {Bad is
} 36.Rc6 $2 Rxc6 37.Bxc6 {in a view of} 37...b4 $1 38.axb4 ( 38.Kd2 $142 
bxa3 39.Kc3 ) 38...a3 39.Bd5 Bb1 40.b5 a2 41.Bxa2 Bxa2 42.b6 Bd5 $19 ) 
36...Rc3 $2 {Fortunately for White Black misses a nice idea.} ( 36...Rc1+ 
$1 {was much stronger:} 37.Kd2 Rc2+ 38.Ke1 ( 38.Ke3 $142 Rc3+ {winning a 
tempo comparing to the game.} ) 38...e4 $1 {[%cal Ge4e3]} ( 38...Bd3 $5 
39.Bf1 e4 $1 40.Bxd3 exd3 41.Rxb5 Re2+ 42.Kd1 Rxf2 43.Rd5 Rxh2 44.Rxd3 Ra2
{and Black has to win.} ) 39.Rb7+ ( 39.Rxb5 e3 $1 $19 {[%csl Rg2][%cal 
Ge3f2]} ) 39...Kh6 40.Re7 b4 $1 41.axb4 a3 42.Ra7 a2 $19 {winning} ) 37.
Rxb5 Rxa3 38.Rb7+ $6 ( 38.Rxe5 $142 ) 38...Kh6 ( 38...Kf6 $5 ) 39.Bd5 Rd3 
40.Bg8 Rd7 {Now Black is winning again.} 41.Rb5 ( {Bishops ending also 
doesn't leave many chances:} 41.Rxd7 Bxd7 42.Kd2 Kg7 43.Bd5 Kf6 $19 ) 
41...Bg4 {[%csl Re1][%cal Gd7d1]} ( 41...e4 $5 {[%csl Re1][%cal Gf5g4] was
interesting trying to combine mating threats with advancing a pass pawn.} 
) 42.f3 $8 Bxf3 43.Rxe5 Kg7 44.Bc4 Rd4 ( 44...Rc7 45.Re3 $1 ) 45.Rc5 {In 
the folowing 15 moves the position wasn't changed much until Black played 
60...h5?} 45...Bg4 46.Kf2 Re4 47.Bd3 Re7 48.Ra5 Bd1 49.Bb5 Re4 50.Ra7+ Kf6
51.Bd3 Re7 52.Ra5 Re5 53.Ra7 Bb3 54.h4 h6 55.Ra6+ Re6 56.Ra5 Bd1 57.Bb5 
Re4 58.Bd3 Re5 59.Ra6+ Re6 60.Ra5 h5 $6 {Serious inaccuracy.Now White can 
exchange the rook for the a-pawn and bishop reaching a theoretically 
drawish position.That's why Black should refrain from playing h5 and try 
to bring the king to the queen side.} 61.Bb5 $1 {Now Black can't prevent 
B:a4.} 61...Kg7 $2 {Black takes his king away from the check on a6 in case
of B:a4 Re2+ K~ Ra2 Ra6+ and Bb5.Now Black wins an exchange,but allows 
White to reach above-mentioned drawish position.} ( 61...Re4 {could be the
last chance as losing the a4-pawn means draw.} 62.Ra6+ {[%cal Gb5d3]} ) 
62.Bxa4 $1 $11 Re2+ 63.Kg1 Ra2 64.Bxd1 Rxa5 65.Bf3 {With the bishop on the
long diagonal White keeps the draw.} 65...Ra2 66.Kf1 Rb2 67.Kg1 Kh6 68.Kf1
Kg7 69.Kg1 Kf6 70.Kf1 Ke5 71.Kg1 Kd4 72.Bc6 Rd2 73.Bb7 Ke3 74.Bc6 Rd6 75.
Bb7 Rb6 76.Ba8 Rb1+ 77.Kg2 Rb2+ 78.Kg1 Rb6 79.Kg2 Rb2+ 80.Kg1 Rb8 81.Bc6 
Rc8 82.Bb7 Rc7 83.Ba8 g5 {There is no other way to break through the 
White's fortress.} 84.hxg5 Rg7 85.Kg2 $1 {[%cal Gg2h3,Gh3h4] White is in 
hurry to attack the h-pawn.} 85...Rxg5 86.Kh3 {[%cal Gh3h4]} 86...Rg4 87.
Bc6 {[%csl Rh5][%cal Gc6e8] The rest wasn't necessary.} 87...Kf2 88.Be8 
Rxg3+ 89.Kh4 Kf3 90.Kxh5 Kf4 91.Kh6 Kf5 92.Kh7 Kf6 93.Bc6 Rg5 94.Be4 Kf7 
95.Kh8 Re5 96.Bd3 Re3 97.Bc2 Rc3 98.Be4 Rh3+ 99.Bh7 Rxh7+ 100.Kxh7 1/2-1/2

[Event "1st FIDE World Cup prel. group B"]
[Site "Shenyang"]
[Date "2000.09.01"]
[Round "1"]
[White "Ivanchuk, Vasyl"]
[Black "Short, Nigel David"]
[Result "1/2-1/2"]
[WhiteElo "2719"]
[BlackElo "2677"]
[EventDate "2000.09.01"]
[Annotator "Golod,V"]
[PlyCount "67"]

1.d4 Nf6 2.c4 e6 3.Nc3 Bb4 4.Qc2 d5 5.cxd5 Qxd5 6.e3 O-O $5 ( 6...c5 $5 {
It's main line.See comments to Georgiev,K-Adams,M/ Sarajevo,2000/CBM 77 
(1/2-1/ 2)(Golod,V)(22)} ) ( {Also possibly:} 6...e5 $5 {See comments to 
Sakaev, K-Pigusov,E/St. Petersburg,1999/CBM 71 (1/2-1/2)(Golod,V) (41)} ) 
7.Bd2 ( {Other possibilities is:} 7.Nf3 c5 ( 7...Nc6 $143 8.Bd2 Bxc3 9.
Bxc3 $14 {Bolbochan,J-Grau,R/Buenos Aires,1936 (1-0)(14)} ) ( 7...b6 $143 
8.Bd3 Bb7 9.O-O Bxc3 10.bxc3 c5 11.e4 Qh5 12.Qe2 Nbd7 13.a4 $14 {
Koutsin,S-Romanishin, O/Katowice,1995 (1/2-1/2)(30)} ) 8.Bd2 Bxc3 9.Bxc3 
cxd4 10.Bxd4 Nc6 11.Bc3 e5 12.a3 Bg4 13.Be2 Rac8 14.h3 Bh5 15.O-O {+/=/= 
Wang Lei-Mascarinas,R/ Quezon City,2000(1-0)(63)} ) ( {and} 7.Ne2 c5 ( 
7...e5 $5 8.a3 exd4 9.axb4 dxc3 10.bxc3 Bf5 11.Qa2 Nc6 12.Nd4 $6 ( 12.Qxd5
$5 Nxd5 13.f3 $14 ) 12...Nxd4 13.cxd4 Qd6 14.Ba3 Rfe8 15.Be2 Ne4 $36 {
Lange,W-Engels,L/Bad Oeynhausen, 1939(0-1)(38)} ) 8.Bd2 Qd6 $5 ( 8...Qd8 
9.a3 cxd4 10.Nxd4 Ba5 11.Be2 Bb6 12.Nf3 Nc6 13.O-O Qe7 14.Rfd1 $14 {
Flohr,S-Gilg,K/Bad Liebenwerda, 1934(1-0) (16)} ) ( 8...Qc6 {(it's first 
game in this variation!!!)} 9.a3 Bxc3 10.Bxc3 Nbd7 11.dxc5 Qxc5 12.Rc1 Re8
13.Ng3 $14 {Flohr,S-Michell,R/ Hastings,1933(1-0)(54)} ) 9.dxc5 Qxc5 10.a3
Bxc3 11.Nxc3 b6 12.Be2 Bb7 13.O-O Nbd7 14.Rad1 Ne4 15.Bd3 Nef6 16.Ne4 $6 
Qxc2 17.Nxf6+ Nxf6 18.Bxc2 Rac8 $11 {
Eliskases,E-Foltys,J/Stuttgart,1939(1/2-1/2) (41)} ) 7...Bxc3 8.Bxc3 $5 
$146 {Interesting novelty of Vassily Ivanchuk.This move was not played in 
the next games:} ( 8.bxc3 c5 9.Nf3 Nc6 10.Rb1 ( 10.Be2 Qd6 11.Bb5 Bd7 12.
O-O Rac8 13.Qb1 Rfd8 14.Rd1 a6 15.Bf1 e5 $11 {
Garcia,G-Kortschnoj,V/Havana,1963 (0-1) (27)} ) 10...cxd4 $6 ( 10...Rd8 $5
) 11.cxd4 b6 12.Bd3 Qd6 13.Bc3 h6 14.e4 Qe7 15.O-O Bb7 16.Rfe1 $14 {
Hedman,E-Samuelsen,C/Copenhagen,1999(1-0) (34)} ) 8...b6 {[%cal Gc8a6] 
Non-typical idea.} ( {It deserves attention:} 8...c5 $5 9.dxc5 Qxc5 {+/=/=
} ) 9.Be2 $1 {[%csl Ra8,Rd5][%cal Ge2f3]} 9...Nc6 ( {Slightly dubious:} 
9...Ne4 10.Bf3 Bb7 11.Ne2 $36 ) ( {Is a possible continuation of the play:
} 9...Qe4 $5 ) 10.Nf3 {Now this move better,than:} ( 10.Bf3 Qd6 {[%cal 
Gc8b7] +/=/=} ) 10...a5 ( {In my opinion a little better is:} 10...Bb7 ) 
11.O-O Ba6 12.Bxa6 Rxa6 13.Rfd1 $14 Ra7 {Strange decision.} ( {More 
logically:} 13...Raa8 $5 ) ( {Also good enough:} 13...b5 $5 ) 14.Nd2 {
[%cal Ge3e4] With the threats 15.e4 /\15...Nxd4?? 16.Qd3(?d4)} 14...Nb4 ( 
{Also white save a positional advantage after:} 14...Rd8 15.e4 Qg5 16.Nf1 
$14 ) 15.Qb1 Qb5 {Black is preparing c7-c5 or a5-a4.} 16.e4 a4 17.Nf3 Re8 
18.h3 {Slow,prophylactic move.From my point of view a little better is:} (
18.d5 $5 exd5 19.Bxf6 gxf6 20.a3 Na6 {-transfer to 18.a3!?} ( 20...dxe4 $4
21.Nd4 $18 ) ) ( {or} 18.a3 $5 Nc6 ( 18...Na6 $143 19.d5 exd5 20.Bxf6 gxf6
21.Rxd5 {+/=/+/-} ( 21.exd5 $5 $36 ) ) 19.d5 exd5 20.Bxf6 gxf6 21.Rxd5 Qe2
22.Nd2 Ra5 $1 23.Qd3 Qxd3 24.Rxd3 $14 ) 18...c5 $1 {It's absolutely sound 
decision.} 19.dxc5 ( {Again a little bit better is:} 19.a3 $5 Na6 20.dxc5 
Nxc5 21.Bxf6 gxf6 22.Qc2 $14 ) 19...bxc5 20.Bxf6 gxf6 21.Qc1 {[%csl 
Rf6,Rg8][%cal Gc1h6]} ( {Probably,first of all,it is necessary:} 21.a3 Nc6
22.Qc2 {+/=/=} ) 21...Nd3 22.Qc3 ( 22.Qh6 $2 {is refuted by:} 22...Qxb2 {
[%csl Ra1,Rf2][%cal Gb2f2,Gb2a1]} ) 22...c4 23.Rd2 $6 ( {Also leads to 
approximately equal position:} 23.Qxf6 Qxb2 {[%csl Rf2,Rf6]} 24.Nd4 ( 24.
Qxb2 Nxb2 25.Rdc1 Rc7 $11 ) 24...Rd7 25.Qg5+ Kf8 26.Qh6+ Kg8 $11 ) ( {Can 
be recommended:} 23.Ne1 $5 Nxe1 ( 23...Qxb2 $4 24.Rxd3 $18 ) 24.Rxe1 $14 )
( {and} 23.Rab1 $5 ) 23...Kg7 {[%csl Rf6,Yg7] [%cal Yg7f6]} 24.Rad1 Rb7 {
[%csl Rb2]} 25.Ne1 Nf4 $5 {[%csl Yf4][%cal Yf4g6]} ( {Mistaken exchange:} 
25...Nxe1 26.Rxe1 $36 {[%csl Rg7][%cal Ge1e3,Ge3g3]} ) 26.h4 $6 ( {Much 
better is:} 26.Rc2 $5 Qh5 27.Rdd2 {+/=/=} ) 26...Ng6 {[%csl Yg6]} 27.g3 
Reb8 $11 {With the idea Qe5(?b2,e4)} 28.f4 $6 {Another one dubious move.} 
( 28.Nf3 $142 $5 ) 28...Qh5 29.Rc1 e5 ( {Senselessly:} 29...Qg4 $6 {[%csl 
Rg1][%cal Gg6f4,Gg6h4] in view of:} 30.Ng2 $14 ) 30.Ng2 ( {More safely:} 
30.f5 Ne7 31.Nf3 $11 ) 30...exf4 31.Rf1 {[%csl Gc3,Gf1,Rf6] Again 
inaccuracy.} ( 31.Nxf4 $142 Nxf4 32.gxf4 Qxh4 33.Rg2+ Kh8 34.Qxc4 $11 Rxb2
$140 $4 35.Qc8+ Rxc8 36.Rxc8# ) 31...Qe5 ( {In my opinion much better is:}
31...Qc5+ $5 32.Kh1 $140 ( 32.Rff2 $2 fxg3 33.Qxg3 Rxb2 $19 {[%csl Gc5, 
Rg1]} ) 32...a3 33.bxa3 Rb1 34.Rdd1 Rxd1 35.Rxd1 Qf2 $36 ) 32.gxf4 Qxe4 
33.h5 Ne7 34.Ne3 {After this move Nigel Short is agreed for draw,probably,
because of zeitnot.} ( {After:} 34.Ne3 Rb5 {[%cal Gb5h5]} ( 34...Rxb2 $2 
35.Rxb2 Rxb2 36.Qxb2 Qxe3+ 37.Qf2 {+/=/+/-_|_} ) 35.Rg2+ Kf8 {black has a 
evident advantage.} ) 1/2-1/2

[Event "1st FIDE World Cup prel. group B"]
[Site "Shenyang"]
[Date "2000.09.03"]
[Round "3"]
[White "Short, Nigel David"]
[Black "Ye Jiangchuan"]
[Result "0-1"]
[WhiteElo "2677"]
[BlackElo "2670"]
[EventDate "2000.09.01"]
[Annotator "Donev"]
[PlyCount "93"]

1.e4 {Ftacnik} 1...c5 2.Nc3 Nc6 3.g3 g6 4.Bg2 Bg7 5.d3 d6 6.Nh3 e5 7.f4 
Nge7 8.O-O h6 ( {Es ist bekannt, dass Weiß nach} 8...O-O 9.f5 $1 {einen 
sehr starken Angriff bekommt.} ) 9.Be3 exf4 10.Nxf4 {[%cal Yf4d5] Der 
schlecht stehende Nh3 kommt mit Tempo ins Zentrum.} 10...O-O 11.Qd2 Kh7 
12.Rae1 {Ftacnik: 'White makes no secrets about his intentions, all of his
pieces are concentrated in the center and the kingside.'} ( 12.Rf2 $5 Rb8 
13.Raf1 $14 ) 12...Rb8 13.Ncd5 Nxd5 ( 13...Bxb2 $6 14.c3 {[%cal Yd2b2]} 
14...Ba3 15.Nf6+ Kh8 ( 15...Kg7 16.N4h5+ gxh5 17.Bxh6+ Kh8 18.Qg5 $18 {
[%cal Yg5g7,Yg5h5]} ) 16.N4d5 Nxd5 17.exd5 Ne5 18.Bxh6 $18 ) 14.exd5 ( 14.
Nxd5 Be6 ( 14...Bxb2 15.c3 Ba3 16.Bxh6 $18 ) 15.c3 $13 {'+/=' Ftacnik.} ) 
14...Ne7 15.Bf2 ( 15.d4 {Ftacnik} 15...b6 16.c3 Nf5 $11 ) 15...Nf5 16.Be4 
( 16.c3 {Ftacnik} 16...b5 $132 ) 16...b5 ( 16...Bxb2 $5 {Ftacnik} 17.c3 
Ba3 18.Ng2 b5 $13 ) 17.g4 ( 17.c3 {Ftacnik} 17...b4 ) 17...Qg5 $1 ( 17...
Nd4 18.c3 {[%cal Yc3d4] Der Nd4 ist in der Mitte des Brettes gefangen.} 
18...f5 19.Bg2 $18 ) 18.Kh1 $1 ( 18.Bxf5 {Ftacnik} 18...gxf5 $15 ) 18...
Be5 $1 {Jetzt erzwingt der Nachziehende den Übergang in ein besseres 
Endspiel.} ( 18...Qxg4 19.Rg1 $18 ) 19.gxf5 ( 19.Bxc5 $5 Ng3+ ( 19...dxc5 
20.gxf5 gxf5 21.Bg2 Bxb2 {'=/+' Ftacnik.} 22.c3 Ba3 23.Rf3 $13 {[%cal 
Yf3g3]} ) 20.hxg3 dxc5 21.Qa5 Bxg4 ( 21...Qxg4 22.Bxg6+ fxg6 23.Rxe5 ) 22.
Qxa7 $13 ( 22.Qxa7 {Ftacnik} 22...Ra8 23.Qxc5 Rfc8 $13 ) ) 19...Bxf4 20.
Be3 $6 {Hier konnte Short besser spielen:} ( 20.fxg6+ fxg6 21.Qa5 Qh5 22.
Qc7+ ( 22.Bg1 {Ftacnik} 22...Rb7 $15 ) 22...Kg8 23.Bg3 Bxg3 ( 23...Rb7 24.
Rxf4 Rxc7 25.Rxf8+ Kxf8 26.Bxd6+ Kf7 27.Bxc7 $44 ) 24.Rxf8+ Kxf8 25.Qd8+ 
Kf7 26.Bxg6+ $1 Kxg6 27.Qe8+ Kg5 28.Qe7+ Kg4 29.Qe4+ $11 ) 20...Bxe3 21.
Qxe3 gxf5 22.Bg2 ( {Im Falle von} 22.Qxg5 hxg5 23.Bxf5+ Bxf5 24.Rxf5 Kg6 
25.Ref1 f6 {'=/+' Ftacnik. nebst Rbe8 hätte Schwarz sehr gut gestanden.} )
22...Rg8 23.Bh3 ( 23.Qxg5 {Ftacnik} 23...Rxg5 24.Re7 Kg6 $13 ) 23...Qxe3 
24.Rxe3 Rg5 25.Re7 Kg6 26.Rxa7 b4 27.Rc7 ( 27.a4 {Ftacnik} 27...bxa3 28.
bxa3 Rb2 $13 ) 27...Kf6 28.d4 {'?' Ftacnik.} ( 28.a4 $1 {Ftacnik} 28...Bb7
29.Bg2 Rbg8 30.Bf3 Bc8 ( 30...Ba8 31.a5 f4 32.a6 Rxd5 33.Ra7 Bc6 34.c4 
bxc3 35.bxc3 c4 36.d4 $16 ) 31.Re1 f4 32.a5 $14 ) 28...cxd4 29.Rd1 Ba6 {
'!' Ftacnik.} 30.Bg2 ( 30.Rxd4 Rbg8 31.Rd1 Be2 {'-+' Ftacnik. hätte wegen 
der Möglichkeit ...Bf3+ sofort verloren.} ) ( 30.Bf1 {Ftacnik} 30...Bxf1 
31.Rxf1 Rb5 32.Rc4 Ke5 33.Rd1 Rg4 $19 ) 30...Be2 31.Rd2 Re8 32.h4 ( 32.Rd7
Bf3 33.Rxd6+ Ke5 $1 $19 {[%cal Ye5d6,Yg5g2,Ye8g8] hätte Weiß die Qualität 
eingebüsst.} ( 33...Ke5 {Ftacnik} 34.Bxf3 Kxd6 $19 ) ) 32...Rg4 33.Rc6 f4 
{Ftacnik: 'The bishop on g2 is doomed, black is winning material in direct
attack.'} 34.Rxd6+ ( 34.Rxd4 {Ftacnik} 34...Reg8 35.Bh3 Rxh4 $19 ) 34...
Kg7 35.Rxd4 h5 36.Rb6 ( 36.Rxb4 {Ftacnik} 36...f3 37.Rxg4+ hxg4 38.a4 ( 
38.Kh2 fxg2 39.Kxg2 f5 40.h5 f4 41.h6+ Kh7 $17 ) 38...g3 $1 39.h5 Bd1 $19 
) 36...f3 37.Rxg4+ hxg4 38.Rxb4 f5 $1 {Ftacnik: 'One black pawn will have 
to get to the basic rank so Ye is bringing in the reserves.' Es wird eine 
Zeit lang dauern, bis sich der Chinese auf g2 bedient...} ( 38...fxg2+ {
Ftacnik} 39.Kxg2 f5 40.Kg3 $13 ) 39.d6 Rd8 40.Rd4 Kf6 41.c3 Ke5 42.h5 f4 
43.d7 fxg2+ 44.Kxg2 Bf3+ 45.Kg1 g3 46.h6 Be4 47.Ra4 0-1

[Event "1st FIDE World Cup prel. group B"]
[Site "Shenyang"]
[Date "2000.09.03"]
[Round "3"]
[White "Ivanchuk, Vasyl"]
[Black "Xu Jun"]
[Result "1/2-1/2"]
[WhiteElo "2719"]
[BlackElo "2668"]
[EventDate "2000.09.01"]
[Annotator "Tsesarsky"]
[PlyCount "67"]

1.Nf3 c5 2.c4 Nf6 3.Nc3 Nc6 4.g3 d5 5.d4 e6 6.cxd5 Nxd5 7.Bg2 Be7 $6 $14 {
Maybe V. Ivanchuk prepared something after 7... Ndb4?} ( {Very strong move
here is} 7...Ndb4 $1 $11 {For example:} 8.e3 cxd4 9.exd4 Nxd4 10.Nxd4 ( 
10.O-O Nxf3+ 11.Qxf3 Be7 12.Rd1 $44 {1/2-1/2 Kramnik,V-Topalov,V/Linares 
1999/ CBM 70 (33)} ) 10...Qxd4 11.O-O Qxd1 12.Rxd1 $44 {see comments to 
the game 1/2-1/2 Biriukov,O-Aseev,K/St Petersburg 1998/CBM 65/[Tsesarsky] 
(41)} ) 8.O-O O-O 9.e4 Nb6 10.dxc5 Qxd1 11.Rxd1 Bxc5 12.e5 ( 12.Bf4 {- 
another mainline} ) 12...Nc4 13.Na4 Be7 ( 13...Bb4 $2 14.Bf4 Rb8 15.Rac1 
$16 {1-0 Eberspaecher, M-Schlamp,R/Nuremberg Weilburg op 1996/EXT 96op2/ 
(56)} ) 14.Bf4 f6 ( 14...Rb8 15.b3 Na3 ( 15...b5 16.Nc3 Na3 17.Ne1 Nb4 18.
Be3 $16 {0-1 Loginov-Kaiumov/ Tashkent 1982/ (45)} ) ( 15...N4a5 {see 
comments to the game 1/2-1/2 Renet, O-Petursson,M/Thessaloniki olm 
1988/Inf 46/[Petursson,M] (38)} ) 16.Rac1 Nb4 17.Bd2 $14 {1/2-1/2 
Huzman,A-Magerramov,E/Baku 1988/ (42)} ) 15.Rac1 ( {Also interesting is} 
15.Re1 $5 N4xe5 16.Bxe5 fxe5 17.Nxe5 Nxe5 18.Rxe5 Bf6 19.Re2 $14 {[%csl 
Rc8][%cal Gg2b7] 1-0 Stean,M-Bjerke,R/Gausdal Jubilee 1982/ (38)} ) ( 15.
b3 $6 N4xe5 16.Nxe5 fxe5 17.Be3 Nd4 18.Nc3 Nc2 19.Rac1 Nxe3 20.fxe3 Bc5 
21.Rd3 $44 {0-1 Vadasz,L-Hmadi,S/FSGM May Budapest HUN 1996/(33)} ) 15...
N4xe5 16.Nxe5 Nxe5 ( 16...fxe5 17.Be3 Nd4 18.Bxd4 exd4 19.Rxd4 Rb8 20.Nc5 
$14 {1-0 Heilemann,P-Steiner,X/cr Blass mem 1990/ (45)} ) 17.Bxe5 ( {It is
not so easy to equalize after} 17.Nc5 $5 Rb8 ( 17...Bxc5 18.Rxc5 $14 ) 18.
Ne4 ( 18.Bxe5 fxe5 19.Nd7 Bxd7 20.Rxd7 Bd8 $11 {[%cal Gd8b6]} ) 18...Rd8 
19.Rxd8+ Bxd8 20.Bxe5 $1 ( 20.Rd1 Be7 21.Nd6 Ng6 $1 ( 21...b6 $6 22.Nc4 
$14 ( 22.Bh3 Bxd6 23.Rxd6 Nf7 $11 {0-1 Rotstein,A-Belkhodja,S/Warsaw 
Legion ,EXT 1989/ (61)} ) ) 22.Be3 b6 $15 ) 20...fxe5 21.Nd6 Bd7 22.Nxb7 
$14 ) 17...fxe5 18.Nc5 Bg5 $5 ( 18...Rd8 19.Rxd8+ Bxd8 20.Nd3 Bf6 21.h4 a5
22.Re1 a4 23.Nxe5 Ra5 24.f4 $14 ) ( 18...Bxc5 $2 19.Rxc5 $16 ) 19.Rc2 Rb8 
20.Bh3 $5 {[%csl Re6] White attack e6 weakness, but take on e6 will solve 
Bc8 development problem!} ( {I should prefer} 20.Ne4 $5 Be7 21.h4 $14 ) 
20...Rd8 21.Rxd8+ Bxd8 22.Bxe6+ $6 $132 ( {Another P take} 22.Nxe6 {was 
promise to White a little advantage:} 22...Bb6 23.Re2 Bd7 24.Rxe5 Rc8 25.
Nf4 ( 25.Bf5 Kf7 26.Nf4 Rc1+ 27.Kg2 Bc6+ 28.Be4 Rc2 $1 $44 {[%csl Rb2,Rf2]
} ) 25...Bxh3 ( 25...Rc1+ 26.Bf1 $14 ) 26.Nxh3 Rc2 27.Rb5 h6 28.a4 g5 29.
g4 Rc4 30.a5 $14 ) 22...Bxe6 23.Nxe6 Bb6 24.Ng5 {[%cal Gg5e4,Gb6d4] White 
N will placed well on e4, but Black B placed on b6 also not bad and maybe 
will go to d4!} 24...h6 25.Ne4 ( 25.Nf3 $6 e4 $15 {[%cal Ge4e3]} ) 25...
Rd8 26.Kg2 Kf7 27.h4 Ke6 28.h5 ( 28.Kf3 $11 ) 28...Kf5 29.f3 Rd1 30.Re2 
Rg1+ 31.Kh2 Rf1 32.Nd2 ( 32.Kg2 Rg1+ $11 ) 32...Rc1 33.g4+ Kf4 34.Re4+ ( 
34.Re4+ Kg5 35.Kg3 $1 $11 ( 35.Rxe5+ $2 Kh4 $1 36.Re2 Rc2 $17 ) ) 1/2-1/2